Logos That Start With A - Statistics

General Stats
  • This quiz has been taken 79 times
  • The average score is 9 of 16
Answer Stats
Picture Answer % Correct
Amazon
99%
Apple
99%
Adidas
97%
Audi
97%
American Airlines
86%
AT&T
76%
Airbnb
74%
Adobe
66%
Asics
64%
Armani
33%
AOL
30%
Alibaba
16%
Accenture
9%
Aetna
7%
Aramark
4%
Avery Dennison
0%
No matching quizzes found
Score Distribution
Percent of People with Each Score
Percentile by Number Answered
Your Score History
You have not taken this quiz